| 000 | 00652nam a2200229 a 4500 | ||
|---|---|---|---|
| 001 | 000013728 | ||
| 005 | 20200929163327.0 | ||
| 008 | 091128s1995 sp 000 j spa d | ||
| 020 | _a8420646695 | ||
| 040 |
_aDO-SdBNP _bspa _cBNPHU |
||
| 082 |
_a863.6 _bP471s |
||
| 100 | 1 |
_aPerucho, Juan, _d1920-2003 _931168 |
|
| 245 | 1 | 4 |
_aLas sombras del mundo : _bcuentos / _cJuan Perucho. |
| 260 |
_aMadrid : _bAlianza, _c1995. |
||
| 300 |
_a95, [1] ; _c15 cm. |
||
| 490 | 1 |
_aAlianza cien _v69 |
|
| 650 | 4 |
_aCuentos espaƱoles _93194 |
|
| 650 | 4 |
_aLiteratura espaƱola _ySIGLO XX _93326 |
|
| 830 | 0 |
_aAlianza cien ; _v69 _912832 |
|
| 910 | _aWM | ||
| 049 | _aBNGR | ||
| 999 |
_c13341 _d13341 |
||